000
00282nam a22001337a 4500
008
181031b xxu||||| |||| 00| 0 eng d
020
_a
9780073221038
041
_a
eng
080
_2
9th
_a
541
100
_a
12
101
_a
KIM
245
_a
Chemistry
_c
Chang, R
942
_2
udc
_c
BK
999
_c
51274
_d
51274